Los Godos en el occidente europeo (Record no. 5713)
[ view plain ]
| 000 -LEADER | |
|---|---|
| campo de control de longitud fija | 00898nam a2200289 i 4500 |
| 001 - NÚMERO DE CONTROL | |
| campo de control | 5713 |
| 003 - IDENTIFICADOR DE NÚMERO DE CONTROL | |
| campo de control | ES-MaACL |
| 005 - FECHA Y HORA DE LA ÚLTIMA TRANSACCIÓN | |
| campo de control | 20230906144653.0 |
| 007 - CAMPO FIJO DE DESCRIPCIÓN FÍSICA--INFORMACIÓN GENERAL | |
| campo de control de longitud fija | t| |
| 008 - DATOS DE LONGITUD FIJA--INFORMACIÓN GENERAL | |
| campo de control de longitud fija | 890424s1988 sp ||||1| spa d |
| 020 ## - NÚMERO INTERNACIONAL ESTÁNDAR DEL LIBRO | |
| Número Internacional Estándar del Libro | 84-7490-203-7 |
| 080 ## - NÚMERO DE LA CLASIFICACIÓN DECIMAL UNIVERSAL | |
| Número de la Clasificación Decimal Universal | 9(4)"476-800" |
| 100 1# - ENTRADA PRINCIPAL--NOMBRE DE PERSONA | |
| Nombre de persona | Palol, Pere de ( |
| Fechas asociadas al nombre | 1923-2005) |
| 9 (RLIN) | 162288 |
| 245 14 - MENCIÓN DEL TÍTULO | |
| Título | Los Godos en el occidente europeo |
| Resto del título | : ostrogodos y visigodos en los siglos V-VIII / |
| Mención de responsabilidad, etc. | Pedro de Palol, Gisela Ripoll. |
| 250 ## - MENCION DE EDICION | |
| Mención de edición | 1a ed. |
| 260 ## - PUBLICACIÓN, DISTRIBUCIÓN, ETC. | |
| Lugar de publicación, distribución, etc. | Madrid : |
| Nombre del editor, distribuidor, etc. | Encuentro, |
| Fecha de publicación, distribución, etc. | 1988. |
| 300 ## - DESCRIPCIÓN FÍSICA | |
| Extensión | 371 p. : il. ; |
| Dimensiones | 30 cm. |
| 490 1# - MENCIÓN DE SERIE | |
| Mención de serie | Pueblos y culturas |
| 500 ## - NOTA GENERAL | |
| Nota general | Bibliografia. |
| 500 ## - NOTA GENERAL | |
| Nota general | Indices. |
| 650 14 - PUNTO DE ACCESO ADICIONAL DE MATERIA--TÉRMINO DE MATERIA | |
| Término de materia o nombre geográfico como elemento de entrada | Godos- |
| Subdivisión general | Historia. |
| 9 (RLIN) | 13132 |
| 651 ## - PUNTO DE ACCESO ADICIONAL DE MATERIA--NOMBRE GEOGRÁFICO | |
| Nombre geográfico | Europa- |
| Subdivisión general | Historia- |
| Subdivisión cronológica | 0476-1492. |
| 9 (RLIN) | 160435 |
| 700 1# - ENTRADA AGREGADA--NOMBRE PERSONAL | |
| Nombre de persona | Ripoll, Gisela. |
| 9 (RLIN) | 97425 |
| 830 0# - PUNTO DE ACCESO ADICIONAL DE SERIE-TÍTULO UNIFORME | |
| Título uniforme | Pueblos y culturas |
| 9 (RLIN) | 177330 |
| 852 ## - LOCALIZACIÓN | |
| Ubicación | ES-MaACL |
| Número de control de estantería | L-12560 |
| Sublocalización o colección | R.116336 |
| Nota libre | . - tela |
| Estatus retirado | Estado de pérdida | Estado de daño | No para préstamo | Biblioteca de origen | Biblioteca actual | Ubicación en estantería | Fecha de adquisición | Fuente de adquisición | Total de préstamos | Signatura topográfica completa | Código de barras | Visto por última vez | Precio de reemplazo | Tipo de ítem Koha |
|---|---|---|---|---|---|---|---|---|---|---|---|---|---|---|
| Biblioteca del Ateneo de Madrid | Biblioteca del Ateneo de Madrid | Depósito 2 | 17/01/2008 | L-12560 | 1005794 | 23/02/2023 | 23/02/2023 | Libro impreso |
